| 000 | 00525nam a22001937a 4500 | ||
|---|---|---|---|
| 003 | KOHA_MİRAKIL | ||
| 005 | 20250430164546.0 | ||
| 008 | 250430b tu ||||| |||| 00| 0 tur d | ||
| 020 | _a9786057697431 | ||
| 040 |
_aTR-AnABB _btur _cTR-AnABB |
||
| 041 | _atur | ||
| 082 |
_a813.41 _bTAN 2019 |
||
| 100 | 1 | _aTan, M. Turhan, | |
| 245 | 1 | 0 |
_aViyana dönüşü / _cMustafa Yücel |
| 260 |
_aAnkara : _bKurgan Edebiyat, _c2019 |
||
| 300 |
_a592 sayfa ; _c20 cm |
||
| 650 | 0 | 4 | _aTürk edebiyatı, roman |
| 942 |
_2ddc _cBK |
||
| 999 |
_c8887 _d8887 |
||
| 900 | _bGizem YORULMAZ | ||